000 00289nam a22001337a 4500
008 171006b xxu||||| |||| 00| 0 eng d
020 _a0807046795
041 _aeng
080 _a 159.9
100 _a49
101 _aPSI
245 _aMYTH AND MYTHMAKING
_cMURRAY,H.A
942 _2udc
_cBK
999 _c32389
_d32389